000
00262nam a2200097Ia 4500
005
20251222114412.0
008
251222s1900||||xx |||||||||||||| ||spa||
082
_a
DVD0120/S59.9/1998
245
0
_a
Simphony No 9 " From the new world" de AntonĂn Dvorak:
942
_c
DVD
999
_c
2065
_d
2065